000 00572nam a2200229Ia 4500
001 UByD001376
003 AR-LpoUNG
005 20230422095618.0
008 230420s2017||||ag |||||||||||||| ||spa|d
040 _aAR-LpoUNG
_bspa
_cAR-LpoUNG
_eaacr
082 0 _aA861 6qui
100 1 _aQuintana, Lucas
245 1 0 _aA quien le quepa el sayo
250 _a1ra. ed.
260 _aSan Martín :
_bTransmision,
_c2017.
300 _a63 p. :
_bfot.
650 4 _aLITERATURA
650 4 _aPOESIA
653 4 _aLITERATURA ARGENTINA
905 _aCJPM489
942 _cLIB
_2ddc
999 _c63933
_d63933